000 00326nam a22001337a 4500
008 170605b xxu||||| |||| 00| 0 eng d
020 _a0814155014
041 _aeng
080 _a94
100 _a18
101 _aSHH
245 _aTRADITION AND REFORM IN THE TEACHING OF ENGLISH: A HISTORY
_cAPPLEBEE,A.N
942 _2udc
_cBK
999 _c15898
_d15898